000
00300 a2200109 4500
001
ART_17524
005
20260410161750.0
008
260409a
245
1
0
_a
Post-capitalist society
100
1
_a
Drucker, Peter Ferdinand
773
0
_t
Book Summary
_g
- NÂș 13 (ene. 2010)
_w
REV4099
999
_c
19586
_d
19586